Normal view MARC view
  • Prieto, Eduardo J.,

Entry Nombre Personal

Number of records used in: 2

001 - NUMERO DE CONTROL

  • campo de control: 44280

003 - IDENTIFICADOR DE NUMERO DE CONTROL

  • campo de control: MX-MxUPN

005 - FECHA Y HORA DE LA ÜLTIMA TRANSACCIÓN

  • campo de control: 20220506094631.0

008 - DATOS DE LONGITUD FIJA

  • campo de control de longitud fija: 220421|| aca||aabn | a|a d

040 ## - FUENTE DE CATALOGACIÓN

  • Agencia original de catalogación: MX-MxUPN
  • Lenguaje de catalogación: spa
  • Agencia de transcripción: MX-MxUPN

046 ## - FECHAS CON CODIFICACIÓN ESPECIAL

  • Fecha de nacimiento: 1916-05-17
  • Fecha de muerte: 2003

100 1# - ENCABEZAMIENTO - NOMBRE PERSONAL

  • Nombre personal: Prieto, Eduardo J.,
  • Fechas asociadas con el nombre: 1916-2003

370 ## - LUGAR ASOCIADO

  • Associated country: Argentina

374 ## - OCUPACIÓN

  • Occupation: Profesor
  • Start period: Filólogo

375 ## - GÉNERO

  • Gender: masculino

377 ## - LENGUA ASOCIADA

  • Language code: spa

400 1# - VEÁSE - NOMBRE DE PERSONA

  • Personal name: Prieto, Eduardo,
  • Dates associated with a name: 1916-2003

670 ## - FUENTE EN LA QUE SE LOCALIZARON DATOS

  • Cita de la fuente: En el sitio web de Eduardo J. Prieto, consultado Mayo 06, 2022:
  • Información localizada: (Eduardo J. Prieto ; Profesor y filólogo argentino (1916-2003))
  • Uniform Resource Identifier: https://eduardoprietoprofesor.wordpress.com/

670 ## - FUENTE EN LA QUE SE LOCALIZARON DATOS

  • Cita de la fuente: En la obra: Terapia familiar: un enfoque interaccional, 1977:
  • Información localizada: página [6] (Traducción de Eduardo Prieto)

670 ## - FUENTE EN LA QUE SE LOCALIZARON DATOS

  • Cita de la fuente: [Kēpos], 2000:
  • Información localizada: portada (Eduardo J. Prieto) página 3 (b. May 17, 1916, Buenos Aires)

902 ## - CATALOGADOR

  • Catalogador: NDAF/220506